000 00435nam a2200145Ia 4500
003 OSt
005 20260226100920.0
008 211028s2019 xx 000 0 und d
040 _cAIMIT LIBRARY
041 _aeng
100 _aPai, Mallika Mohan; Dias, Beena.
_g1716100
_98078
245 _aStudy on financial performance with reference to MN Chemicals Limited Kumta /
260 _aMangalore
_bRoyce Baretto
_c2019
942 _2ddc
_cPRO
999 _c219646
_d219646